ČSOB výroční zpráva '99

Salvato in:
Dettagli Bibliografici
Natura: Libro
Lingua:ceco
Pubblicazione: Praha ASCO [2000]
Soggetti:
Tags: Aggiungi Tag
Nessun Tag, puoi essere il primo ad aggiungerne!!

MARC

LEADER 00000nam$a2200000$$$4500
001 0014280
005 20240108123856.9
041 0 |a cze 
044 |a CZ 
245 1 0 |a ČSOB  |b výroční zpráva '99 
264 1 |a Praha  |b ASCO  |c [2000] 
300 |a 123 s. 
610 2 0 |a bankovníctvo 
610 2 0 |a banky obchodné 
610 2 0 |a služby bankové 
610 2 0 |a výkazy finančné 
610 2 0 |a výkazy účtovné